<?xml version="1.0" encoding="UTF-8"?>
<marc:record xmlns:marc="http://www.loc.gov/MARC21/slim">
   <marc:leader>00000nam a2200000 a 4500</marc:leader>
   <marc:datafield ind1="1" ind2=" " tag="100">
      <marc:subfield code="a">Budde, Nadia</marc:subfield>
      <marc:subfield code="4">aut</marc:subfield>
      <marc:subfield code="e">Verfasser/-in</marc:subfield>
   </marc:datafield>
   <marc:datafield ind1=" " ind2=" " tag="653">
      <marc:subfield code="a">Zoo</marc:subfield>
   </marc:datafield>
   <marc:datafield ind1=" " ind2=" " tag="653">
      <marc:subfield code="a">Menschen</marc:subfield>
   </marc:datafield>
   <marc:datafield ind1="0" ind2="0" tag="245">
      <marc:subfield code="a">Und irgendwo gibt es den Zoo</marc:subfield>
   </marc:datafield>
   <marc:datafield ind1="0" ind2="0" tag="245">
      <marc:subfield code="c">Nadia Budde</marc:subfield>
   </marc:datafield>
   <marc:datafield ind1=" " ind2="1" tag="264">
      <marc:subfield code="a">Wuppertal</marc:subfield>
      <marc:subfield code="b">Peter Hammer Verlag</marc:subfield>
      <marc:subfield code="c">2013</marc:subfield>
   </marc:datafield>
   <marc:datafield ind1="1" ind2=" " tag="520">
      <marc:subfield code="a">Dass es zwischen Menschen und Tieren überraschende Ähnlichkeiten gibt, zeigt Nadia Budde in ihrem neuen Bilderbuch mit einem schonungslos witzigem Blick. Und man lacht und wundert sich: So viele tierische Ähnlichkeiten sind es, dass wir uns am Ende fragen, ob wir nicht alle im Zoo besser aufgehoben wären. Eine wunderbar lustige und überraschende Reise durch die schräge Vielfalt der Menschenarten.Die Übergänge zwischen Mensch und Tier sind fließend. Jedenfalls die Übergänge zwischen manchen Menschen und Tieren.</marc:subfield>
   </marc:datafield>
   <marc:datafield ind1=" " ind2=" " tag="020">
      <marc:subfield code="a">9783779504702</marc:subfield>
      <marc:subfield code="9">9783779504702</marc:subfield>
   </marc:datafield>
   <marc:datafield ind1=" " ind2=" " tag="020">
      <marc:subfield code="a">3779504707</marc:subfield>
      <marc:subfield code="9">3779504707</marc:subfield>
   </marc:datafield>
   <marc:datafield ind1=" " ind2=" " tag="300">
      <marc:subfield code="a">[32 S.]</marc:subfield>
   </marc:datafield>
</marc:record>
